Un hombre que creyó en el amor (Record no. 112138)

MARC details
000 -LEADER
campo de control de longitud fija 00505nam a2200157 4500
001 - NÚMERO DE CONTROL
campo de control 112138
003 - IDENTIFICADOR DE NÚMERO DE CONTROL
campo de control ES-MaACL
005 - FECHA Y HORA DE LA ÚLTIMA TRANSACCIÓN
campo de control 20230906185443.0
007 - CAMPO FIJO DE DESCRIPCIÓN FÍSICA--INFORMACIÓN GENERAL
campo de control de longitud fija t|
008 - DATOS DE LONGITUD FIJA--INFORMACIÓN GENERAL
campo de control de longitud fija 061121s1968 sp r ||||1| spa d
100 1# - ENTRADA PRINCIPAL--NOMBRE DE PERSONA
Nombre de persona Nicolau Bauza, J.
9 (RLIN) 85584
245 13 - MENCIÓN DEL TÍTULO
Título Un hombre que creyó en el amor
Resto del título : el P. Joaquín Roselló y Ferrá /
Mención de responsabilidad, etc. J. Nicolau Bauza.
260 ## - PUBLICACIÓN, DISTRIBUCIÓN, ETC.
Lugar de publicación, distribución, etc. Palma de Mallorca :
Nombre del editor, distribuidor, etc. [s. n.],
Fecha de publicación, distribución, etc. 1968 (
Fabricante Imp. Politécnica)
300 ## - DESCRIPCIÓN FÍSICA
Extensión 391 p., 12 lám. ;
Dimensiones 22 cm.
852 ## - LOCALIZACIÓN
Ubicación ES-MaACL
Número de control de estantería C-48517
Sublocalización o colección R.69790
Holdings
Estatus retirado Estado de pérdida Estado de daño No para préstamo Biblioteca de origen Biblioteca actual Ubicación en estantería Fecha de adquisición Fuente de adquisición Total de préstamos Signatura topográfica completa Código de barras Visto por última vez Precio de reemplazo Tipo de ítem Koha
        Biblioteca del Ateneo de Madrid Biblioteca del Ateneo de Madrid Depósito 2 17/01/2008     C-48517 1116971 23/02/2023 23/02/2023 Libro impreso